| 000 | 00785nam a2200229Ia 4500 | ||
|---|---|---|---|
| 001 | 733 | ||
| 003 | GE_BSU | ||
| 008 | 181216s||||||||xx |||||||||||||| ||und|| | ||
| 020 | _a9994012738 | ||
| 040 | _cGE_BSU | ||
| 080 | _a332.1(075.8) | ||
| 245 | _aრეგიონული ეკონომიკა | ||
| 245 | _bივ. ჯავახიშვილის სახ. თბილისი სახ. უნ-ტი. | ||
| 245 | _cრედ:ვლადიმერ პაპავა | ||
| 260 | _aთბილისი | ||
| 260 | _bთბილისის უნ-ტის | ||
| 260 | _c2004 | ||
| 300 | _a407 გვ. | ||
| 541 | _h20 ლ. | ||
| 653 | _aრეგიონალური ეკონომიკის პროგრამები; | ||
| 942 | _cBK | ||
| 999 |
_c34906 _d34906 |
||